00328 a2200145 4500003000500000005001700005040000900022082001200031100001900043245003400062260003300096300001000129538002900139650001400168Nust20170207153532.0 cNust a891.439 aAmjid, Rasheed aPakistani AdabcRasheed Amjad aRawalpindibSir Syed College a792:p aAlmirah No.64 Shelf No.6 aUrdu Adab